000
00259nam a2200085Ia 4500
245
0
_a
Campbell's kingdom ; : and, The white south
100
_a
INNES, Hammond London, 2003 Omnibus ed
_9
104896
942
_c
BK
008
210818s9999 xx 000 0 und d
999
_c
478165
_d
478164